[Event "ONJK 2017 C"]
[Site "Borne, Netherlands"]
[Date "2017.08.12"]
[Round "1"]
[White "Klaren, Duncan"]
[Black "Bungarten, Jona"]
[Result "1-0"]
[WhiteElo "1661"]
[BlackElo "1640"]
[PlyCount "71"]
[EventDate "2017.08.??"]

1. e4 e5 2. Nf3 Nc6 3. d4 exd4 4. Nxd4 Nf6 5. Nxc6 bxc6 6. e5 Qe7 7. Qe2 Nd5 8.
c4 Ba6 9. b3 Qh4 10. a3 Bc5 11. g3 {Diagram #} Bxf2+ 12. Qxf2 Qe4+ 13. Kd1 Qxh1
14. Nd2 Nc3+ 15. Kc2 Ne4 16. Qe2 Nxd2 17. Bxd2 O-O 18. Re1 Rfe8 19. Bh3 Qxe1
20. Qxe1 d6 21. Bc3 dxe5 22. Bd7 Re7 23. Bxc6 Rd8 24. Bb4 Re6 25. Bd5 Ree8 26.
Qf2 Rxd5 27. cxd5 e4 28. Qxa7 Bf1 29. Qxc7 Bh3 30. Qf4 e3 31. Be1 e2 32. d6 Ra8
33. g4 Rxa3 34. d7 Ra8 35. Qe4 Kf8 36. Qxa8+ 1-0

[Event "ONJK 2017 C"]
[Site "Borne, Netherlands"]
[Date "2017.08.07"]
[Round "1.1"]
[White "Schneider, Daniel"]
[Black "Elgersma, Onno"]
[Result "0-1"]
[WhiteElo "1461"]
[BlackElo "2030"]
[PlyCount "48"]
[EventDate "2017.08.??"]

1. e4 e6 2. d4 d5 3. Nd2 Nf6 4. e5 Nfd7 5. f4 c5 6. c3 Nc6 7. Ndf3 Qb6 8. Kf2
cxd4 9. cxd4 f6 10. g3 fxe5 11. fxe5 Ndxe5 12. Nxe5 Nxe5 13. Qh5+ Ng6 14. Kg2
Be7 15. Nf3 O-O 16. Bd3 Bd7 17. Bxg6 hxg6 18. Qxg6 Rf6 19. Qg4 Raf8 20. Rf1 Qb5
21. Rf2 Rxf3 22. Rxf3 Qe2+ 23. Kh3 Qxf3 24. Qxf3 Rxf3 0-1

[Event "ONJK 2017 C"]
[Site "Borne, Netherlands"]
[Date "2017.08.07"]
[Round "1.2"]
[White "Hoeneveld, Maarten"]
[Black "Van Cleef, Matteo"]
[Result "1-0"]
[WhiteElo "1946"]
[BlackElo "1449"]
[PlyCount "31"]
[EventDate "2017.08.??"]

1. e4 c5 2. d4 cxd4 3. c3 dxc3 4. Nxc3 Nc6 5. Nf3 e6 6. Bf4 d6 7. Bc4 e5 8. Bg5
Nf6 9. Qb3 Qc7 10. Bxf6 gxf6 11. O-O a6 12. Nd5 Qd8 13. Nb6 Rb8 14. Bxf7+ Ke7
15. Bg8 Na5 16. Qf7# 1-0

[Event "ONJK 2017 C"]
[Site "Borne, Netherlands"]
[Date "2017.08.07"]
[Round "1.3"]
[White "Hungeling, David"]
[Black "Honkoop, Gilian"]
[Result "0-1"]
[WhiteElo "1438"]
[BlackElo "1916"]
[PlyCount "94"]
[EventDate "2017.08.??"]

1. e4 e5 2. Nf3 Nc6 3. Bb5 a6 4. Ba4 Nf6 5. O-O Be7 6. Re1 d6 7. h3 b5 8. Bb3
O-O 9. c3 Na5 10. Bc2 c5 11. d4 Qc7 12. b3 Nc6 13. Be3 cxd4 14. cxd4 Nb4 15.
Bd3 d5 16. dxe5 Nxd3 17. Qxd3 dxe4 18. Qc3 Qxc3 19. Nxc3 exf3 20. exf6 Bxf6 21.
Rac1 fxg2 22. Kxg2 Bb7+ 23. Kg1 Rac8 24. Ne2 Rxc1 25. Rxc1 Rc8 26. Rxc8+ Bxc8
27. Kh2 Bf5 28. Nd4 Bb1 29. a3 Be5+ 30. Kg2 Be4+ 31. Kg1 g5 32. b4 h6 33. Ne2
f5 34. Bd4 Bd6 35. Ng3 Bf4 36. Nxe4 fxe4 37. Bb2 h5 38. Kg2 g4 39. hxg4 hxg4
40. Kf1 Kf7 41. Ke2 Ke6 42. Bd4 Bc1 43. Bc5 Bxa3 44. Ke3 Kd5 45. Kf4 a5 46.
Kxg4 Bxb4 47. Bxb4 axb4 0-1

[Event "ONJK 2017 C"]
[Site "Borne, Netherlands"]
[Date "2017.08.07"]
[Round "1.4"]
[White "Grutter, Tim"]
[Black "Schelleman, Martijn"]
[Result "1-0"]
[WhiteElo "1891"]
[BlackElo "1393"]
[PlyCount "47"]
[EventDate "2017.08.??"]

1. e4 e5 2. Nf3 Nc6 3. Bc4 Bc5 4. c3 Nf6 5. d4 exd4 6. e5 Ne4 7. Qe2 f5 8. exf6
d5 9. fxg7 Rg8 10. Ng5 Bf5 11. f3 dxc4 12. Qxc4 Rxg7 13. fxe4 Qe7 14. O-O dxc3+
15. Kh1 Bd7 16. Nxc3 O-O-O 17. Nd5 Qd6 18. Rf6 Ne5 19. Qc2 Be6 20. Nxe6 c6 21.
Nxg7 Qd7 22. Qxc5 Qxg7 23. Bf4 Rg8 24. Ne7+ 1-0

[Event "ONJK 2017 C"]
[Site "Borne, Netherlands"]
[Date "2017.08.07"]
[Round "1.5"]
[White "Hubers, Daan"]
[Black "Roebers, Eline"]
[Result "0-1"]
[WhiteElo "1387"]
[BlackElo "1852"]
[PlyCount "76"]
[EventDate "2017.08.??"]

1. e3 f5 2. d4 Nf6 3. c4 g6 4. a3 Bg7 5. b4 O-O 6. Nf3 d6 7. Bb2 Qe8 8. Qb3 Kh8
9. Nbd2 Nbd7 10. Rc1 e5 11. d5 e4 12. Nd4 Ne5 13. c5 Bd7 14. Be2 a6 15. O-O g5
16. f4 exf3 17. N2xf3 Nxf3+ 18. Rxf3 g4 19. Rff1 Ba4 20. Qd3 Nxd5 21. Ba1 Qxe3+
22. Qxe3 Nxe3 23. Rf2 Rae8 24. cxd6 cxd6 25. Rc7 Rc8 26. Rxc8 Rxc8 27. Bb2 Nc2
28. Nxc2 Rxc2 29. Bxg7+ Kxg7 30. Bd3 Rc1+ 31. Bf1 Bb5 32. Rxf5 Rxf1+ 33. Rxf1
Bxf1 34. Kxf1 Kf6 35. Ke2 Ke5 36. g3 Ke4 37. a4 b5 38. axb5 axb5 0-1

[Event "ONJK 2017 C"]
[Site "Borne, Netherlands"]
[Date "2017.08.07"]
[Round "1.6"]
[White "Gevorkjan, Lewon"]
[Black "John, Niklas"]
[Result "1-0"]
[WhiteElo "1836"]
[BlackElo "1387"]
[PlyCount "45"]
[EventDate "2017.08.??"]

1. e4 e5 2. Nf3 Nc6 3. Nc3 Bc5 4. Nxe5 Bxf2+ 5. Kxf2 Nxe5 6. d4 Qf6+ 7. Kg1 Ng6
8. Be3 N8e7 9. Qf3 Nh4 10. Qg3 h6 11. Bd3 g5 12. Qxc7 d6 13. Rf1 Qe6 14. Bc4
Qg4 15. Bxf7+ Kf8 16. Bh5+ Nf3+ 17. Rxf3+ Qxf3 18. gxf3 Rh7 19. Qd8+ Kg7 20.
Qxe7+ Kg8 21. Qe8+ Kg7 22. Qf7+ Kh8 23. Qf8# 1-0

[Event "ONJK 2017 C"]
[Site "Borne, Netherlands"]
[Date "2017.08.07"]
[Round "1.7"]
[White "Woest, Imre"]
[Black "Muntean, Victor"]
[Result "0-1"]
[WhiteElo "1385"]
[BlackElo "1784"]
[PlyCount "38"]
[EventDate "2017.08.??"]

1. e4 e5 2. Nf3 Nc6 3. Bb5 a6 4. Ba4 Nf6 5. O-O Be7 6. Re1 b5 7. Bb3 O-O 8. c3
d5 9. exd5 Nxd5 10. Nxe5 Nxe5 11. Rxe5 c6 12. d4 Bd6 13. Bxd5 Bxe5 14. Bxc6
Bxh2+ 15. Kf1 Ra7 16. Be3 Qf6 17. d5 Re7 18. Bc5 Bd6 19. Be3 Rxe3 0-1

[Event "ONJK 2017 C"]
[Site "Borne, Netherlands"]
[Date "2017.08.07"]
[Round "1.8"]
[White "Roothaan, Elmar"]
[Black "Arnold, Kiri"]
[Result "1-0"]
[WhiteElo "1775"]
[BlackElo "1354"]
[PlyCount "55"]
[EventDate "2017.08.??"]

1. d4 d5 2. c4 e6 3. Nf3 Nf6 4. Bg5 Nbd7 5. Nc3 Be7 6. e3 c6 7. cxd5 exd5 8.
Bd3 O-O 9. O-O h6 10. Bf4 Re8 11. Qc2 Nb6 12. h3 Bd6 13. Bxd6 Qxd6 14. Rfe1 Bd7
15. Rad1 Re7 16. a4 a5 17. Nd2 Rae8 18. Nb3 Ra8 19. Nc5 Ra7 20. e4 dxe4 21.
Bxe4 Be6 22. Bf3 Bd5 23. N3e4 Qf4 24. Nd3 Qf5 25. Qc5 Nc8 26. Nxf6+ gxf6 27.
Rxe7 b6 28. Re8+ 1-0

[Event "ONJK 2017 C"]
[Site "Borne, Netherlands"]
[Date "2017.08.07"]
[Round "1.9"]
[White "Mainka, Irmin"]
[Black "Kamp, Adrian"]
[Result "1/2-1/2"]
[WhiteElo "1320"]
[BlackElo "1773"]
[PlyCount "120"]
[EventDate "2017.08.??"]

1. e4 c5 2. Nf3 d6 3. d4 ({?? Livebord:} 3. Nc3 {[33]}) 3... cxd4 4. Nxd4 Nf6
5. Nc3 a6 6. Be3 e5 7. Nb3 Be6 8. f3 Be7 9. Qd2 O-O 10. O-O-O b5 11. g4 Nbd7
12. g5 Nh5 13. h4 b4 14. Na4 a5 15. Bh3 Qc7 16. Bg4 Bxg4 17. fxg4 Ng3 18. Rh3
Nxe4 19. Qd5 Nec5 20. Naxc5 Nxc5 21. Bxc5 dxc5 22. Qd7 Qxd7 23. Rxd7 Rfe8 24.
Re3 f6 25. Rc7 Rac8 26. Rxc8 Rxc8 27. gxf6 Bxf6 28. g5 a4 29. Nd2 Be7 30. Rxe5
Bd6 31. Rd5 Bf4 32. Kd1 Bxd2 33. Kxd2 Kf7 34. Rd6 Ke7 35. Ra6 Rd8+ 36. Ke2 Rd4
37. Rxa4 Rxh4 38. Ra7+ Kf8 39. Ra8+ Kf7 40. Rc8 Re4+ 41. Kf3 Rc4 42. a3 bxa3
43. bxa3 Rxc2 44. a4 Kg6 45. a5 Kxg5 46. a6 Ra2 47. Rxc5+ Kf6 48. Rc6+ Ke5 49.
Rc7 g6 50. a7 h5 51. Rg7 Ra3+ 52. Kf2 Kf5 53. Rf7+ Kg4 54. Rb7 g5 55. Rb4+ Kh3
56. Rb3+ Rxb3 57. a8=Q Rb2+ 58. Kg1 Rb1+ 59. Kf2 Rb2+ 60. Kg1 Rb1+ 1/2-1/2

[Event "ONJK 2017 C"]
[Site "Borne, Netherlands"]
[Date "2017.08.07"]
[Round "1.10"]
[White "Toval, David"]
[Black "Decruyenaere, Laura"]
[Result "1-0"]
[WhiteElo "1742"]
[BlackElo "1318"]
[PlyCount "67"]
[EventDate "2017.08.??"]

1. e4 e5 2. Nf3 Nc6 3. Bb5 Bc5 4. c3 d6 5. h3 Nf6 6. O-O O-O 7. Re1 d5 8. exd5
Qxd5 9. Bxc6 Qxc6 10. Nxe5 Qb6 11. d4 Bd6 12. Nd2 Bf5 13. Ndc4 Qa6 14. Nxd6
cxd6 15. Nf3 Qc6 16. Bg5 Be4 17. Bxf6 Bxf3 18. Qxf3 Qxf3 19. gxf3 gxf6 20. Kh2
Rfe8 21. Kg3 Kg7 22. Kf4 Kg6 23. Rg1+ Kh6 24. Rg4 Re2 25. Rag1 Kh5 26. Rg7 Kh6
27. Rxf7 Re6 28. Kf5 Rae8 29. Rgg7 Rh8 30. Kxe6 b6 31. Kxf6 a5 32. Rg4 Kh5 33.
Kg7 Re8 34. Rf5# 1-0

[Event "ONJK 2017 C"]
[Site "Borne, Netherlands"]
[Date "2017.08.07"]
[Round "1.11"]
[White "Van Borren, Matthijs"]
[Black "Maters, Arthur"]
[Result "0-1"]
[WhiteElo "1313"]
[BlackElo "1727"]
[PlyCount "104"]
[EventDate "2017.08.??"]

1. e4 c5 2. Nf3 d6 3. d4 cxd4 4. Nxd4 Nf6 5. Nc3 a6 6. Be2 e5 7. Nb3 Be7 8. f4
Qc7 9. Qd3 Nc6 10. a3 Be6 11. Be3 b5 12. f5 Bc4 13. Qd2 Qb7 14. Nc1 Na5 15. b4
Bxe2 16. N1xe2 Nc4 17. Qc1 Nxe4 18. O-O Nxe3 19. Qxe3 Nxc3 20. Nxc3 Qa7 21.
Qxa7 Rxa7 22. Rf2 O-O 23. Rd1 Rd8 24. Rfd2 Rad7 25. h3 f6 26. Nd5 Kf7 27. Rd3
g6 28. Ne3 gxf5 29. Nxf5 d5 30. Rg3 Bf8 31. Rg4 Ke6 32. Ne3 f5 33. Rh4 Kf6 34.
Rf1 f4 35. g3 Rg7 36. Ng4+ Kg5 37. Nxe5 Kf5 38. Rhxf4+ Kxe5 39. Rxf8 Rxf8 40.
Rxf8 Rxg3+ 41. Kh2 Rxa3 42. Rh8 Rc3 43. Rxh7 Rxc2+ 44. Kg3 Rc4 45. Ra7 Rxb4 46.
Rxa6 d4 47. Ra8 d3 48. Rd8 Rd4 49. Rxd4 Kxd4 50. Kf2 b4 51. Ke1 b3 52. Kd2 b2
0-1

[Event "ONJK 2017 C"]
[Site "Borne, Netherlands"]
[Date "2017.08.07"]
[Round "1.12"]
[White "Mainka, Alwin"]
[Black "Van Lindt, Raffael"]
[Result "1-0"]
[WhiteElo "1723"]
[BlackElo "1307"]
[PlyCount "65"]
[EventDate "2017.08.??"]

1. e4 e5 2. Nf3 Nc6 3. Bb5 Nf6 4. O-O Bc5 5. c3 Nxe4 6. Qe2 Nf6 7. Bxc6 dxc6 8.
Qxe5+ Be7 9. Re1 Qd6 10. d4 Qxe5 11. Nxe5 Be6 12. Bf4 O-O 13. Nd2 Bd6 14. Ndf3
Rfe8 15. Bg3 Re7 16. b3 Rae8 17. Kf1 Bd5 18. Bh4 Re6 19. Ng5 R6e7 20. c4 Be6
21. Ne4 Bxe5 22. dxe5 Nxe4 23. Bxe7 Rxe7 24. Rxe4 Bf5 25. Re3 Re6 26. Rd1 Re8
27. h3 Bg6 28. f4 Bf5 29. g4 Bc8 30. Red3 h6 31. Rd8 Rxd8 32. Rxd8+ Kh7 33.
Rxc8 1-0

[Event "ONJK 2017 C"]
[Site "Borne, Netherlands"]
[Date "2017.08.07"]
[Round "1.13"]
[White "Maes, Djad"]
[Black "Wensing, Jonathan"]
[Result "0-1"]
[WhiteElo "1258"]
[BlackElo "1667"]
[PlyCount "76"]
[EventDate "2017.08.??"]

1. Nf3 g6 2. d4 Bg7 3. c4 e6 4. e4 Ne7 5. Nc3 O-O 6. Be3 c6 7. Qd2 d5 8. h4
dxe4 9. Nxe4 Nf5 10. g4 Nxe3 11. fxe3 e5 12. Nf2 exd4 13. O-O-O Qf6 14. Nxd4 c5
15. g5 Qb6 16. Nb3 Nc6 17. h5 Nb4 18. a3 Na2+ 19. Kc2 a5 20. Qd6 Ra6 21. Qxb6
Rxb6 22. Rb1 Rd8 23. Bd3 a4 24. Nxc5 Rbd6 25. h6 Be5 26. Rhd1 b6 27. Nce4 Rc6
28. Ra1 Be6 29. Nd2 b5 30. Kb1 bxc4 31. Bc2 c3 32. Bxa4 Rcd6 33. Nfe4 Rb6 34.
b3 cxd2 35. Rxa2 Bxb3 36. Bxb3 Rxb3+ 37. Kc2 Rxe3 38. Rxd2 Rc8+ 0-1

[Event "ONJK 2017 C"]
[Site "Borne, Netherlands"]
[Date "2017.08.07"]
[Round "1.14"]
[White "Klaren, Duncan"]
[Black "Hatzmann, Mirthe"]
[Result "1-0"]
[WhiteElo "1661"]
[BlackElo "1251"]
[PlyCount "95"]
[EventDate "2017.08.??"]

1. e4 e5 2. Nf3 Nc6 3. d4 exd4 4. Nxd4 Nxd4 5. Qxd4 Ne7 6. Bc4 Nc6 7. Qd5 Qe7
8. O-O Qe6 9. Nc3 Nb4 10. Qxe6+ dxe6 11. Bf4 c6 12. Bb3 Be7 13. Rad1 O-O 14.
Bd6 Bxd6 15. Rxd6 c5 16. a3 Na6 17. Rfd1 b6 18. Bc4 Nc7 19. Bb5 Nxb5 20. Nxb5
Bb7 21. e5 h6 22. Nc3 Rfe8 23. g3 Kh7 24. Rd7 Bf3 25. R1d3 Bh5 26. Nb5 Be2 27.
Nc7 Bxd3 28. Rxd3 Kg8 29. Kf1 Red8 30. Nxa8 Rxa8 31. Ke2 Kf8 32. Rd7 a6 33. c4
Rb8 34. b4 cxb4 35. axb4 Rc8 36. Kd3 Rc6 37. Rd6 Rxd6+ 38. exd6 Ke8 39. c5 bxc5
40. bxc5 Kd7 41. Kc4 Kc6 42. Kb4 f5 43. Ka5 Kb7 44. d7 Kc7 45. c6 e5 46. Kxa6
g5 47. d8=Q+ Kxd8 48. Kb7 1-0

[Event "ONJK 2017 C"]
[Site "Borne, Netherlands"]
[Date "2017.08.07"]
[Round "1.15"]
[White "Sannen, Stijn"]
[Black "Baselmans, Daan"]
[Result "0-1"]
[WhiteElo "1188"]
[BlackElo "1659"]
[PlyCount "76"]
[EventDate "2017.08.??"]

1. d4 Nf6 2. c4 g6 3. Nc3 d5 4. Nf3 Bg7 5. e3 O-O 6. Be2 c6 7. O-O Bg4 8. h3
Bxf3 9. Bxf3 dxc4 10. Be2 b5 11. a4 a6 12. axb5 cxb5 13. Nxb5 Nc6 14. Nc3 Qc7
15. Bxc4 Rfd8 16. Ne2 Kf8 17. Rxa6 Nxd4 18. Rxa8 Nxe2+ 19. Qxe2 Rxa8 20. Bd2
Ne4 21. Qf3 Qxc4 22. Rc1 Qe6 23. Bc3 Bxc3 24. bxc3 Rc8 25. Qf4 Rxc3 26. Qb8+
Kg7 27. Qb2 Qf6 28. Rd1 Rc6 29. Qb7 Qxf2+ 30. Kh2 Qg3+ 31. Kg1 Re6 32. Qb2+ Rf6
33. Ra1 Qxe3+ 34. Kh2 Qg3+ 35. Kg1 Nf2 36. Qd2 Nxh3+ 37. Kh1 Nf4 38. Qd3 Qxg2#
0-1

[Event "ONJK 2017 C"]
[Site "Borne, Netherlands"]
[Date "2017.08.07"]
[Round "1.16"]
[White "Achuthan, Dylan"]
[Black "Van Goethem, Simone"]
[Result "1-0"]
[WhiteElo "1655"]
[BlackElo "1183"]
[PlyCount "67"]
[EventDate "2017.08.??"]

1. e4 e5 2. Nf3 Nc6 3. Bc4 Bc5 4. Nc3 d6 5. h3 Nge7 6. d3 O-O 7. Bg5 Be6 8. Bb3
h6 9. Bh4 Qd7 10. Qd2 Ng6 11. Bg3 Kh8 12. O-O-O f5 13. Bxe6 Qxe6 14. exf5 Qxf5
15. a3 Nd4 16. Nxd4 Bxd4 17. Kb1 Nf4 18. f3 Bxc3 19. bxc3 Nh5 20. Bh2 Qd7 21.
Ka2 Qe6+ 22. c4 b5 23. Qc3 bxc4 24. d4 Nf4 25. dxe5 dxe5 26. Rhe1 Nd5 27. Qa5
c6 28. Bxe5 Qg6 29. Re2 Nf4 30. Red2 Qf5 31. Qc3 Rfe8 32. Bxg7+ Kg8 33. Bxh6
Ne2 34. Qg7# 1-0

[Event "ONJK 2017 C"]
[Site "Borne, Netherlands"]
[Date "2017.08.07"]
[Round "1.17"]
[White "Nopper, Louis"]
[Black "Bungarten, Jona"]
[Result "0-1"]
[WhiteElo "1172"]
[BlackElo "1640"]
[PlyCount "66"]
[EventDate "2017.08.??"]

1. d4 d5 2. c4 e6 3. Bf4 Nf6 4. Nf3 c5 5. e3 Nc6 6. Bd3 Bd7 7. Nbd2 Rc8 8. O-O
Be7 9. Rc1 b6 10. Qc2 Nb4 11. Qb1 Nxd3 12. Qxd3 O-O 13. Ne5 dxc4 14. Qxc4 Nd5
15. Ndf3 Nxf4 16. exf4 Bc6 17. Nxc6 Rxc6 18. Rfd1 Qc7 19. d5 exd5 20. Rxd5 Rf6
21. f5 Rd8 22. Re1 Rfd6 23. Rde5 Rd1 24. Qf1 Rxe1 25. Qxe1 Bd6 26. Re4 Qd7 27.
Ne5 Qxf5 28. Nc6 Rf8 29. Nxa7 Qd7 30. Qd1 Bxh2+ 31. Kxh2 Qxd1 32. Nc6 Qd6+ 33.
g3 Qxc6 0-1

[Event "ONJK 2017 C"]
[Site "Borne, Netherlands"]
[Date "2017.08.07"]
[Round "1.18"]
[White "Salomons, Quinten"]
[Black "Borgelioen, Elise"]
[Result "1-0"]
[WhiteElo "1633"]
[BlackElo "1167"]
[PlyCount "87"]
[EventDate "2017.08.??"]

1. c4 Nc6 2. Nc3 e5 3. g3 Bc5 4. Bg2 Nf6 5. a3 a5 6. d3 h6 7. Nf3 d6 8. O-O Be6
9. e3 Bb6 10. Qc2 Qd7 11. Bd2 Ke7 12. Na4 h5 13. Nxb6 cxb6 14. d4 Bh3 15. dxe5
dxe5 16. Bc3 Rag8 17. Nxe5 Nxe5 18. Bxe5 g5 19. Bxf6+ Kxf6 20. Qc3+ Ke7 21.
Rfd1 Qc8 22. Bxh3 Qxh3 23. Qe5+ Qe6 24. Qc7+ Kf6 25. Rd6 Rc8 26. Rxe6+ fxe6 27.
Qxb7 Rxc4 28. Qxb6 a4 29. b3 axb3 30. Qxb3 Rcc8 31. a4 h4 32. a5 hxg3 33. fxg3
Rcd8 34. Rf1+ Ke5 35. Qb5+ Ke4 36. Qxg5 Rd2 37. Rf4+ Kd3 38. Rd4+ Ke2 39. Rxd2+
Kxd2 40. a6 Ra8 41. Qa5+ Kxe3 42. a7 Ke4 43. Qa6 Ke5 44. Qb7 1-0

[Event "ONJK 2017 C"]
[Site "Borne, Netherlands"]
[Date "2017.08.07"]
[Round "1.19"]
[White "Zuurmond, Lucas"]
[Black "Faybish, Benjamin"]
[Result "0-1"]
[WhiteElo "1133"]
[BlackElo "1628"]
[PlyCount "58"]
[EventDate "2017.08.??"]

1. e4 c5 2. Nf3 Nc6 3. d4 cxd4 4. Nxd4 Nf6 5. Nc3 e5 6. Ndb5 d6 7. Be3 a6 8.
Na3 b5 9. Nd5 Nxd5 10. exd5 Nb8 11. Bd3 Be7 12. O-O O-O 13. c3 f5 14. Nc2 Nd7
15. b3 Rb8 16. Kh1 e4 17. Be2 Ne5 18. f4 exf3 19. Bxf3 Bf6 20. Nd4 Bd7 21. Bf4
g6 22. Rc1 Rc8 23. Be2 Qa5 24. Qd2 Rfe8 25. c4 Qxd2 26. Bxd2 Nxc4 27. Bc3 Ne5
28. Bb4 Nf7 29. Nf3 Rxe2 0-1

[Event "ONJK 2017 C"]
[Site "Borne, Netherlands"]
[Date "2017.08.07"]
[Round "1.20"]
[White "Bleeker, Kasper"]
[Black "Joosse, Zofyra"]
[Result "1-0"]
[WhiteElo "1627"]
[BlackElo "1115"]
[PlyCount "39"]
[EventDate "2017.08.??"]

1. e4 e5 2. Nf3 Nc6 3. d4 exd4 4. c3 dxc3 5. Nxc3 Nf6 6. Bc4 Bb4 7. O-O O-O 8.
Bg5 Be7 9. e5 Ng4 10. Bxe7 Qxe7 11. Re1 Ngxe5 12. Nxe5 Nxe5 13. Qh5 d6 14. f4
d5 15. Nxd5 Qc5+ 16. Kh1 Qxc4 17. Rxe5 f6 18. Ne7+ Kh8 {Diagram #} 19. Qxh7+
Kxh7 20. Rh5# 1-0

[Event "ONJK 2017 C"]
[Site "Borne, Netherlands"]
[Date "2017.08.08"]
[Round "2"]
[White "De Putter, Nina"]
[Black "Achuthan, Dylan"]
[Result "0-1"]
[WhiteElo "1469"]
[BlackElo "1655"]
[PlyCount "138"]
[EventDate "2017.08.??"]

1. e4 c5 2. Nf3 Nc6 3. d4 cxd4 4. Nxd4 e5 5. Nb5 d6 6. c4 a6 7. N5a3 Be7 8. Nc3
Be6 9. Be2 Nf6 10. O-O O-O 11. Be3 Rc8 12. Kh1 h6 13. f4 exf4 14. Bxf4 Ne5 15.
Qd4 Nc6 16. Qe3 Ne5 17. Qd4 Nc6 18. Qe3 Nd7 19. Qg3 Bh4 20. Qe3 Nde5 21. Rad1
Qe7 22. Nd5 Bxd5 23. exd5 Nb8 24. Bxe5 dxe5 25. Bg4 Rcd8 26. Nc2 Bg5 27. Qe2 a5
28. Rde1 Rfe8 29. Na3 Qc5 30. Rf5 Bf6 31. Nb5 Na6 32. Qe4 Nc7 33. Nxc7 Qxc7 34.
Rd1 Qb6 35. b3 Qc5 36. Qd3 Rd6 37. Qe4 Qa3 38. Rf2 Qc5 39. Rf5 Re7 40. Re1 Rc7
41. Qe3 Qxe3 42. Rxe3 Rxd5 43. h3 Rd2 44. Re2 Rxe2 45. Bxe2 Rd7 46. Rf2 Rd2 47.
a4 Bh4 48. g3 Bxg3 49. Rg2 Bf4 50. Bf3 Rxg2 51. Kxg2 b6 52. Bd5 Kf8 53. Kf3 f5
54. Bc6 Ke7 55. Bd5 g5 56. Bc6 h5 57. Bd5 g4+ 58. hxg4 hxg4+ 59. Kf2 Kf6 60.
Bg2 e4 61. Ke2 Ke5 62. Kf2 Kd4 63. Bf1 Kc3 64. c5 bxc5 65. Bc4 Kd2 66. Bb5 e3+
67. Kf1 g3 68. Bc4 g2+ 69. Kxg2 e2 0-1

[Event "ONJK 2017 C"]
[Site "Borne, Netherlands"]
[Date "2017.08.08"]
[Round "2.1"]
[White "Elgersma, Onno"]
[Black "Bleeker, Kasper"]
[Result "1-0"]
[WhiteElo "2030"]
[BlackElo "1627"]
[PlyCount "39"]
[EventDate "2017.08.??"]

1. e4 e5 2. Nf3 Nc6 3. Bc4 Nf6 4. d3 Bc5 5. c3 O-O 6. b4 Bb6 7. O-O d5 8. exd5
Nxd5 9. Bxd5 Qxd5 10. c4 Qd8 11. c5 Nxb4 12. cxb6 Bg4 13. Ba3 Nxd3 14. bxc7 Qd7
15. Bxf8 e4 16. Ne5 Nxe5 17. Qxd7 Bxd7 18. Bd6 Nc4 19. Bf4 Rc8 20. Rd1 1-0

[Event "ONJK 2017 C"]
[Site "Borne, Netherlands"]
[Date "2017.08.08"]
[Round "2.2"]
[White "Terwee, Michiel"]
[Black "Hoeneveld, Maarten"]
[Result "1/2-1/2"]
[WhiteElo "1626"]
[BlackElo "1946"]
[PlyCount "86"]
[EventDate "2017.08.??"]

1. d4 Nf6 2. c4 g6 3. Nc3 Bg7 4. e4 d6 5. Nf3 O-O 6. Bd3 c5 7. d5 Na6 8. a3 Nc7
9. Be3 Bd7 10. Qd2 Re8 11. h3 Rb8 12. O-O b5 13. Rab1 bxc4 14. Bxc4 Nb5 15. e5
dxe5 16. Bxc5 Nxc3 17. Qxc3 Ne4 18. Qe3 Nxc5 19. Qxc5 Bf5 20. Rbc1 Qc8 21. Qxa7
Bh6 22. Rc3 Rxb2 23. d6 Qb7 24. Qxb7 Rxb7 25. d7 Bxd7 26. Nxe5 Rf8 27. Nxd7
Rxd7 28. Bb5 Rd2 29. Rc7 e6 30. a4 Bg7 31. Rb1 Rb8 32. Rbc1 Bd4 33. Rf1 Rb2 34.
Bd7 Ra2 35. Rc4 e5 36. Rc7 Rbb2 37. Bc6 Rxf2 38. Rxf2 Rxf2 39. Kh2 Kg7 40. Bd5
e4 41. Rc4 Be5+ 42. Kg1 Rf4 43. Rxe4 Bd4+ 1/2-1/2

[Event "ONJK 2017 C"]
[Site "Borne, Netherlands"]
[Date "2017.08.08"]
[Round "2.3"]
[White "Honkoop, Gilian"]
[Black "Tjin a Lien, Jie-Ren"]
[Result "1-0"]
[WhiteElo "1916"]
[BlackElo "1620"]
[PlyCount "87"]
[EventDate "2017.08.??"]

1. d4 d5 2. Bf4 c6 3. c3 Nf6 4. e3 Bf5 5. Nf3 e6 6. Bd3 Bxd3 7. Qxd3 Nbd7 8.
Nbd2 Be7 9. h3 Rc8 10. Ne5 Nxe5 11. dxe5 Nd7 12. e4 Bg5 13. Qg3 Bxf4 14. Qxf4
dxe4 15. Nxe4 O-O 16. Nd6 Rb8 17. O-O Qc7 18. Qe3 b6 19. Rad1 Rbd8 20. Rd4 c5
21. Rd3 a6 22. Qe4 c4 23. Qxc4 Qxc4 24. Nxc4 b5 25. Rfd1 bxc4 26. Rxd7 Rxd7 27.
Rxd7 Rb8 28. Ra7 Kf8 29. Rxa6 Rxb2 30. Ra4 Ke8 31. Rxc4 Rxa2 32. Rc7 Re2 33.
Rc5 Kd7 34. g3 Rd2 35. Kg2 Rd5 36. Rxd5+ exd5 37. Kf3 Ke6 38. Kf4 h6 39. h4 g6
40. g4 g5+ 41. hxg5 hxg5+ 42. Kxg5 Kxe5 43. f3 Ke6 44. f4 1-0

[Event "ONJK 2017 C"]
[Site "Borne, Netherlands"]
[Date "2017.08.08"]
[Round "2.4"]
[White "Paays, Dominggus"]
[Black "Grutter, Tim"]
[Result "0-1"]
[WhiteElo "1624"]
[BlackElo "1891"]
[PlyCount "134"]
[EventDate "2017.08.??"]

1. d4 Nf6 2. c4 c5 3. d5 e6 4. Nc3 exd5 5. cxd5 d6 6. e4 g6 7. f4 Bg7 8. Nf3
O-O 9. Be2 Re8 10. Qc2 Nbd7 11. O-O Rb8 12. a4 a6 13. a5 Qc7 14. Nd2 h5 15. Nc4
Ng4 16. h3 Bd4+ 17. Kh1 Nf2+ 18. Rxf2 Bxf2 19. Bxh5 Bd4 20. Bf3 b5 21. axb6
Nxb6 22. Nxb6 Rxb6 23. g4 Qe7 24. g5 Bxh3 25. Qh2 Qd7 26. Ne2 Bg4 27. Nxd4 cxd4
28. Qg2 Bxf3 29. Qxf3 Qe7 30. e5 dxe5 31. fxe5 Qxe5 32. Bf4 Qe4 33. Qxe4 Rxe4
34. Bg3 Re8 35. Rd1 Rxb2 36. Rxd4 Rd8 37. d6 Rb5 38. Bf4 a5 39. Rd3 a4 40. Re3
Rf5 41. Be5 Rxe5 42. Rxe5 Rxd6 43. Ra5 Rd4 44. Kg2 Kf8 45. Kf3 Ke7 46. Ra6 Rb4
47. Ke2 Rc4 48. Kd3 Rg4 49. Ke2 Rxg5 50. Rxa4 Rf5 51. Ra6 g5 52. Ke3 f6 53. Ke4
Rf4+ 54. Ke3 Kf7 55. Ra1 Kg6 56. Rh1 f5 57. Rh2 Ra4 58. Rb2 Ra3+ 59. Kf2 g4 60.
Kg2 Kg5 61. Rf2 f4 62. Rb2 Kh4 63. Rb1 Ra2+ 64. Kh1 Kh3 65. Rf1 g3 66. Rb1 f3
67. Rg1 Rh2# 0-1

[Event "ONJK 2017 C"]
[Site "Borne, Netherlands"]
[Date "2017.08.08"]
[Round "2.5"]
[White "Roebers, Eline"]
[Black "Heskes, Johan"]
[Result "1-0"]
[WhiteElo "1852"]
[BlackElo "1600"]
[PlyCount "33"]
[EventDate "2017.08.??"]

1. e4 c5 2. b4 cxb4 3. a3 e5 4. Nf3 Nc6 5. axb4 Bxb4 6. Bc4 Nf6 7. c3 Bc5 8. d4
exd4 9. e5 Ne4 10. O-O dxc3 11. Qd5 O-O 12. Qxe4 h6 13. Bxh6 gxh6 14. Qg6+ Kh8
15. Qxh6+ Kg8 16. Ng5 d5 17. Qh7# 1-0

[Event "ONJK 2017 C"]
[Site "Borne, Netherlands"]
[Date "2017.08.08"]
[Round "2.6"]
[White "Albertus, Bram"]
[Black "Gevorkjan, Lewon"]
[Result "1-0"]
[WhiteElo "1616"]
[BlackElo "1836"]
[PlyCount "79"]
[EventDate "2017.08.??"]

1. e4 d5 2. exd5 Nf6 3. d4 Nxd5 4. c4 Nb6 5. Nc3 Bf5 6. Be3 e6 7. a3 N8d7 8.
Nf3 Be7 9. Be2 O-O 10. O-O c5 11. d5 Nf6 12. dxe6 Bxe6 13. b3 Qc7 14. h3 a6 15.
Qc2 h6 16. Rad1 Rad8 17. Bd3 Nbd7 18. Rfe1 Rfe8 19. Rb1 Qc6 20. Ne4 Bd6 21.
Red1 Bc7 22. Nfd2 Nh5 23. Nc3 Nf4 24. Be4 Bf5 25. Bxf4 Bxe4 26. Ndxe4 Bxf4 27.
Rd5 Nf6 28. Nxf6+ Qxf6 29. Rbd1 Qe7 30. Rxd8 Rxd8 31. Rxd8+ Qxd8 32. Nd5 Bd6
33. Qe4 Qa5 34. Qe8+ Kh7 35. Qe4+ g6 36. Nf6+ Kh8 37. Qe3 Kg7 38. Ne8+ Kh7 39.
Nxd6 Qxa3 40. Qe5 1-0